00867 2200313 4500001002100000005001500021035002000036007000300056040001700059100003000076245006600106250001000172300004100182020001800223041000800241082000800249084001400257090002000271264003200291336002100323337003000344338002300374650002500397700003600422850001000458008004100468990002200509990002200531INLIS00000000000926420260422015343 a0010-1122000223ta aSBPUPADbind0 aStrathern PaulePengarang1 aNewton dan Gravitasi /cStrathern Paul; edeitor,Theresia Vini acet.1 avii,90 hlm :bilus. ;c13 cm x 19 cm a979-688-492-5 aind a921 a921 PAU n a921 PAU n 25-10 aJakarta :bErlangga,c2002. 2rdacontentateks 2rdamediaatanpa perantara 2rdacarrieravolume 4aNewton dan Gravitasi aeditor,Vini TheresiaePengarang aPUPAD260422 0  a5674/ARPUS-PDG 08 a5675/ARPUS-PDG 08